000 00568nam a2200169 i 4500
001 60443
003 ES-MaACL
005 20230906164231.0
007 t|
008 031104s1923 sp ||||1| spa d
100 1 _aEscudero de Juana, Benjamín.
_947703
245 1 3 _aLa ortografía de Lebrija comparada con la de los siglos XV, XVI y XVII
_b: contribución al estudio del romance español /
_cBenjamín Escudero de Juana.
260 _aMadrid :
_bClásica Española,
_c1923.
300 _a154 p. ;
_c24 cm.
502 _aTesis doctoral.
852 _aES-MaACL
_jF-9437
999 _c60443
_d60443